000 00531nam a22001937a 4500
003 koha_MIRAKIL
005 20231213100319.0
008 231213b |||||||| |||| 00| 0 ||| d
020 _b978-9-75501137-0
040 _aTR-IsEVY
_btur
_cTR-IsEVY
082 _aFIC ALC/K
100 _aAlcott, Luisa M.
245 0 _aKüçük kadınlar
260 _bErdem Yayınları,
_c2009
300 _a80 s.
650 _aChildren's literature -- Fiction.
650 _aÇocuk edebiyatı -- Roman -- Dünya klasikleri.
942 _2ddc
_cBK
999 _c17972
_d17972